000 01226cam a22002775a 4500
001 17126041
005 20160214105606.0
008 120113s2014 enka frdf 000 0 eng d
020 _a9780273763758
040 _aDNLM/DLC
_beng
_cDLC
_dDLC
_dEG-ScBUE
_dEG-ScBUE
082 0 4 _a615.1
_bRIC
_222
100 1 _aRichards, Ann
_c(Senior lecturer)
_938368
245 1 0 _aDrugs in use /
_cAnn Richards.
250 _a2nd ed.
260 _aAbingdon ;
_aNew York :
_bRoutledge / Taylor & Francis Group,
_c2014.
300 _avi, 79 p. :
_bill. ;
_c12 cm.
490 0 _aNursing & health survival guide
500 _aRev. ed. of : Nurse's survival guide to drugs in practice. 2009.
520 _aUnderstanding how drugs work is made simple in this easy to use pocket-sized guide. Drugs in common use are described under each body system and will form an aid to your confident administration of drugs to fit your patients'' needs.
650 7 _aDrugs
_vHandbooks, manuals, etc.
_2BUEsh
_932488
650 0 _aDrug Therapy
_vHandbooks, manuals, etc.
_2BUEsh
651 _2BUEsh
653 _bNNUR
_cJuly2014
_cFebruary2016
700 1 _aRichards, Ann
_c(Senior lecturer)
_tNurse's survival guide to drugs in practice.
_938368
942 _2ddc
999 _c20325
_d20297